| 000 | 01114cac a22002651u 4500 | ||
|---|---|---|---|
| 090 | _c4579 | ||
| 008 | 081201t 1994xxu||||| |||| 00| 0 eng d | ||
| 010 | _a 93046004 | ||
| 020 | _a0471588881 (alk. paper) | ||
| 082 | 0 | 0 |
_a657.046 _bHAR |
| 100 | _aHaried, Andrew A. | ||
| 245 | 1 | 0 |
_aAdvanced accounting / _cAndrew A. Haried, Leroy F. Imdieke, Ralph E. Smith. |
| 250 | _a6th ed. | ||
| 260 |
_aNew York : _bJohn Wiley & Sons, _c1994. |
||
| 300 |
_a1v. : _bill. ; _c25 cm. |
||
| 500 | _aIncludes index. | ||
| 650 | 0 | _aAccounting. | |
| 700 | 1 | _aImdieke, Leroy F. | |
| 700 | 1 |
_aSmith, Ralph Eugene, _d1941- |
|
| 856 | 4 |
_3Table of Contents _uhttp://www.loc.gov/catdir/toc/onix05/93046004.html |
|
| 856 | 4 |
_3Publisher description _uhttp://www.loc.gov/catdir/enhancements/fy0706/93046004-d.html |
|
| 942 |
_cBB _k657.046HAR _2ddc |
||
| 999 |
_c4579 _d4579 |
||